Las empresas de construcción y el articulo 74 de la ley de ganancias (Registro nro. 14847)
[ vista simple ]
| 000 -LEADER | |
|---|---|
| fixed length control field | 00380 a2200121 4500 |
| 001 - CONTROL NUMBER | |
| control field | ART_18144 |
| 005 - DATE AND TIME OF LATEST TRANSACTION | |
| control field | 20260410161657.0 |
| 008 - FIXED-LENGTH DATA ELEMENTS--GENERAL INFORMATION | |
| fixed length control field | 260409a |
| 100 1# - MAIN ENTRY--PERSONAL NAME | |
| Personal name | Balán, Osvaldo |
| 245 10 - TITLE STATEMENT | |
| Title | Las empresas de construcción y el articulo 74 de la ley de ganancias |
| 700 1# - ADDED ENTRY--PERSONAL NAME | |
| Personal name | Zilli, Osvaldo M. |
| 773 0# - HOST ITEM ENTRY | |
| Title | Práctica profesional |
| Related parts | - Nº 147 (ago. 2011) |
| Record control number | REV542 |
No hay ítems disponibles.